000 00892nam a2200181Ia 4500
008 100921s9999 xx 000 0 und d
082 _b34817
_a550 न 01
100 _aक्षीरसागर क.कृ.
245 _aनाते निसर्गाशी-माती जगली तर आपण जगू.
260 _bअनिकेत प्रकाशन, पुणे.
_c2001
300 _a15
_bमयुरेष बुक एजन्सी,कराड
365 _b12
520 _aविज्ञान-भौमिक शास्त्रे.
630 _aनाते निसर्गाशी-माती जगली तर आपण जगू.
650 _aविज्ञान-भौमिक शास्त्रे.
730 _aनाते निसर्गाशी-माती जगली तर आपण जगू.
942 _cBOOK
999 _c783930
_d783927